[Event "GBR-ch Atkins op 106th"]
[Site "Torquay"]
[Date "2019.07.27"]
[Round "2"]
[White "Wells, Jonathan C"]
[Black "Poulton, James"]
[Result "1/2-1/2"]
[WhiteElo "2004"]
[BlackElo "2364"]
[PlyCount "45"]
[EventDate "2019.07.26"]
[EventType "swiss"]
[EventRounds "5"]
[EventCountry "ENG"]
[SourceTitle "EXT 2021"]
[Source "ChessBase"]
[SourceDate "2020.10.23"]
[SourceVersion "1"]
[SourceVersionDate "2020.10.23"]
[SourceQuality "1"]

1. d4 Nf6 2. c4 c5 3. d5 b5 4. cxb5 a6 5. bxa6 g6 6. Nc3 Bxa6 7. e4 Bxf1 8. Kxf1 d6 9. g3 Bg7 10. Kg2 Nbd7 11. Nf3 0-0 12. Rb1 Ng4 13. Qc2 Qa5 14. Bd2 Nge5 15. Nxe5 Bxe5 16. Rhd1 Rfc8 17. b3 Qa6 18. a4 c4 19. b4 Bxc3 20. Bxc3 Qxa4 21. Qxa4 Rxa4 22. Ra1 Nb6 23. Kf1 1/2-1/2

[Event "BCF-chT2 0304 (4NCL)"]
[Site "West Bromwich"]
[Date "2004.05.22"]
[Round "10.1"]
[White "McMichael, Richard"]
[Black "Poulton, James"]
[Result "1/2-1/2"]
[WhiteElo "2298"]
[BlackElo "2366"]
[PlyCount "50"]
[EventDate "2003.11.17"]
[EventType "team-tourn"]
[EventRounds "11"]
[EventCountry "ENG"]
[SourceTitle "EXT 2005"]
[Source "ChessBase"]
[SourceDate "2004.11.15"]
[SourceVersion "1"]
[SourceVersionDate "2004.11.15"]
[SourceQuality "1"]
[WhiteTeam "Kings Head"]
[BlackTeam "Wessex"]
[WhiteTeamCountry "ENG"]
[BlackTeamCountry "ENG"]

1. c4 Nf6 2. g3 g6 3. Bg2 Bg7 4. Nc3 0-0 5. e4 e5 6. Nge2 d6 7. 0-0 c6 8. d3 Nh5 9. Kh1 Na6 10. Be3 Be6 11. Qd2 f5 12. exf5 gxf5 13. f4 Kh8 14. Rae1 Qc7 15. Rf2 Rae8 16. Ref1 Nf6 17. Bh3 exf4 18. Nxf4 Bc8 19. Nce2 c5 20. Nc3 Nb4 21. a3 Nc2 22. Ncd5 Nxd5 23. Nxd5 Qc6 24. Qxc2 Rxe3 25. Re2 Re5 1/2-1/2

[Event "FRA-chT Gp-B"]
[Site "France"]
[Date "2004.02.01"]
[Round "3"]
[White "Poulton, James"]
[Black "Giffard, Nicolas"]
[Result "1-0"]
[WhiteElo "2366"]
[BlackElo "2345"]
[PlyCount "113"]
[EventDate "2004.01.30"]
[EventType "team-tourn"]
[EventRounds "7"]
[EventCountry "FRA"]
[SourceTitle "CBM 098 Extra"]
[Source "ChessBase"]
[SourceDate "2004.03.10"]
[SourceVersion "2"]
[SourceVersionDate "2004.03.10"]
[SourceQuality "1"]
[WhiteTeam "Lille"]
[BlackTeam "Drancy"]
[WhiteTeamCountry "FRA"]
[BlackTeamCountry "FRA"]

1. d4 Nf6 2. c4 g6 3. f3 c5 4. d5 Bg7 5. e4 0-0 6. Nc3 d6 7. Bg5 e6 8. Qd2 exd5 9. cxd5 a6 10. a4 Re8 11. Nge2 Nbd7 12. Ng3 Qa5 13. Be2 b5 14. 0-0 b4 15. Nd1 c4 16. Kh1 Nb6 17. Qe1 Bd7 18. Bd2 Nxa4 19. Bxb4 Qc7 20. Rc1 Nb6 21. b3 h5 22. Rf2 c3 23. Qxc3 Qb8 24. Qc7 Nc8 25. Qa5 Ra7 26. Bc4 h4 27. Ne2 h3 28. Bc3 hxg2+ 29. Rxg2 Nb6 30. Qa1 Nh5 31. Bxg7 Nxg7 32. Ne3 a5 33. Nd4 a4 34. b4 Rc7 35. Nc6 Qb7 36. b5 Bc8 37. Rg5 Nxc4 38. Nxc4 Qxb5 39. Nxd6 Qe2 40. Nd4 Rxc1+ 41. Qxc1 Qf2 42. Nxe8 Qxd4 43. Qxc8 Qd1+ 44. Kg2 Qe2+ 45. Kg3 Qe1+ 46. Kh3 Qf1+ 47. Kh4 Qf2+ 48. Rg3 Qxh2+ 49. Qh3 Qb2 50. Rg2 Qe5 51. Nxg7 Kxg7 52. Qg4 a3 53. Qg5 Qa1 54. Qd2 Kf8 55. d6 Qh8+ 56. Kg3 a2 57. d7 1-0

[Event "BCF-chT2 0304 (4NCL)"]
[Site "West Bromwich"]
[Date "2004.01.18"]
[Round "4.2"]
[White "Poulton, James"]
[Black "Gwaze, Robert"]
[Result "1/2-1/2"]
[WhiteElo "2366"]
[BlackElo "2345"]
[PlyCount "125"]
[EventDate "2003.11.17"]
[EventType "team-tourn"]
[EventRounds "11"]
[EventCountry "ENG"]
[SourceTitle "EXT 2005"]
[Source "ChessBase"]
[SourceDate "2004.11.15"]
[SourceVersion "1"]
[SourceVersionDate "2004.11.15"]
[SourceQuality "1"]
[WhiteTeam "Wessex"]
[BlackTeam "Mindsports"]
[WhiteTeamCountry "ENG"]
[BlackTeamCountry "ENG"]

1. d4 Nf6 2. c4 e6 3. Nf3 Bb4+ 4. Nbd2 b6 5. a3 Bxd2+ 6. Qxd2 Bb7 7. g3 a5 8. Bg2 0-0 9. b3 d6 10. Bb2 Nbd7 11. Nh4 Bxg2 12. Nxg2 Qb8 13. 0-0 Qb7 14. Rac1 Rfe8 15. Nf4 Rad8 16. d5 e5 17. Nd3 c6 18. dxc6 Qxc6 19. b4 Qa8 20. f3 Qa7 21. Nf2 b5 22. cxb5 axb4 23. Qxb4 Nd5 24. Qxd6 N7b6 25. Qc5 Rc8 26. Qd6 Rcd8 27. Qc5 Qb8 28. Nd3 Na4 29. Qf2 Nxb2 30. Nxb2 Qxb5 31. e4 Nb6 32. Rfd1 Qb3 33. Kg2 Rxd1 34. Rxd1 Nc4 35. Rc1 Nxa3 36. Nd1 h6 37. Qb2 Qxb2+ 38. Nxb2 Rb8 39. Nd3 f6 40. Rc3 Nb1 41. Rc2 Rd8 42. Nb4 Na3 43. Ra2 Nb5 44. Nd5 Nd4 45. h4 Rb8 46. h5 Rb7 47. f4 exf4 48. gxf4 Kf7 49. f5 Ke8 50. Kf2 Nc6 51. Nf4 Ke7 52. Ne6 Rb4 53. Ke3 Rb3+ 54. Ke2 Rg3 55. Ra6 Kd7 56. Nc5+ Kd6 57. Ne6 Kd7 58. Nc5+ Kc7 59. Ne6+ Kb7 60. Nc5+ Kc7 61. Ne6+ Kd7 62. Nc5+ Kc7 63. Ne6+ 1/2-1/2

[Event "BCF-chT2 0203 (4NCL)"]
[Site "West Bromwich"]
[Date "2003.04.13"]
[Round "8.1"]
[White "Poulton, James"]
[Black "Thompson, Ian D"]
[Result "1-0"]
[WhiteElo "2375"]
[BlackElo "2290"]
[PlyCount "75"]
[EventDate "2002.11.??"]
[EventType "team-tourn"]
[EventRounds "11"]
[EventCountry "ENG"]
[SourceTitle "EXT 2004"]
[Source "ChessBase"]
[SourceDate "2003.11.25"]
[SourceVersion "1"]
[SourceVersionDate "2003.11.25"]
[SourceQuality "1"]
[WhiteTeam "Wessex"]
[BlackTeam "Guildford II"]
[WhiteTeamCountry "ENG"]
[BlackTeamCountry "ENG"]

1. e4 e6 2. d4 d5 3. Nc3 Nf6 4. Bg5 dxe4 5. Nxe4 Be7 6. Nxf6+ gxf6 7. Bh4 c5 8. dxc5 Qc7 9. Qh5 Nd7 10. 0-0-0 Qxc5 11. Qh6 Bf8 12. Qd2 Qb4 13. Qxb4 Bxb4 14. Ne2 a6 15. Nd4 Be7 16. Be2 Nc5 17. Bf3 e5 18. Nc6 Be6 19. Nxe7 Kxe7 20. Rhe1 Rad8 21. Rxd8 Rxd8 22. Rxe5 b6 23. Rh5 Rd4 24. Rxh7 Bf5 25. Rh6 Bg6 26. b3 Ne6 27. Bg3 Ng5 28. Bb7 Rd7 29. Bc6 Rd8 30. Rh4 b5 31. Bb7 a5 32. a4 b4 33. Rc4 Kf8 34. Rc8 Ne6 35. Rxd8+ Nxd8 36. Bd5 Ne6 37. Bxe6 fxe6 38. Bc7 1-0

[Event "BCF-chT2 0203 (4NCL)"]
[Site "West Bromwich"]
[Date "2003.04.12"]
[Round "7.1"]
[White "Bator, Robert"]
[Black "Poulton, James"]
[Result "1/2-1/2"]
[WhiteElo "2422"]
[BlackElo "2375"]
[PlyCount "44"]
[EventDate "2002.11.??"]
[EventType "team-tourn"]
[EventRounds "11"]
[EventCountry "ENG"]
[SourceTitle "EXT 2004"]
[Source "ChessBase"]
[SourceDate "2003.11.25"]
[SourceVersion "1"]
[SourceVersionDate "2003.11.25"]
[SourceQuality "1"]
[WhiteTeam "Poisoned Pawns"]
[BlackTeam "Wessex"]
[WhiteTeamCountry "ENG"]
[BlackTeamCountry "ENG"]

1. d4 Nf6 2. Nf3 c5 3. d5 g6 4. c4 b5 5. cxb5 a6 6. Nc3 axb5 7. e4 b4 8. Nb5 d6 9. e5 dxe5 10. Nxe5 Bg7 11. Bc4 0-0 12. 0-0 Ne8 13. Re1 Nd6 14. Nxd6 exd6 15. Nc6 Nxc6 16. dxc6 Ba6 17. Bd5 Rc8 18. Qg4 Bb5 19. Bg5 Bf6 20. Bh6 Bg7 21. Bg5 Bf6 22. Bh6 Bg7 1/2-1/2

[Event "BCF-chT2 0203 (4NCL)"]
[Site "West Bromwich"]
[Date "2003.03.09"]
[Round "6.2"]
[White "Trevelyan, John"]
[Black "Poulton, James"]
[Result "1/2-1/2"]
[WhiteElo "2191"]
[BlackElo "2375"]
[PlyCount "77"]
[EventDate "2002.11.??"]
[EventType "team-tourn"]
[EventRounds "11"]
[EventCountry "ENG"]
[SourceTitle "EXT 2004"]
[Source "ChessBase"]
[SourceDate "2003.11.25"]
[SourceVersion "1"]
[SourceVersionDate "2003.11.25"]
[SourceQuality "1"]
[WhiteTeam "SW Dragons II"]
[BlackTeam "Wessex"]
[WhiteTeamCountry "ENG"]
[BlackTeamCountry "ENG"]

1. d4 Nf6 2. c4 c5 3. e3 g6 4. Nc3 Bg7 5. d5 d6 6. Nf3 0-0 7. Be2 a6 8. a4 e6 9. e4 exd5 10. exd5 Bg4 11. 0-0 Nbd7 12. h3 Bxf3 13. Bxf3 Qb6 14. Qc2 Rae8 15. Bd2 Kh8 16. Rae1 Ng8 17. Rxe8 Rxe8 18. Re1 Qd8 19. Rxe8 Qxe8 20. Qe4 Ngf6 21. Qxe8+ Nxe8 22. Be4 Bd4 23. Kf1 Ne5 24. b3 f5 25. Bc2 Nf6 26. f4 Nf7 27. Ke2 Kg7 28. Kd3 Kf8 29. b4 b6 30. Ne2 Bb2 31. a5 bxa5 32. bxc5 dxc5 33. Bxa5 Ke7 34. Ba4 Nd6 35. Be1 Nfe4 36. Ng1 Bc1 37. Bh4+ Kf8 38. Ne2 Bb2 39. Be1 1/2-1/2

[Event "FRA-chT2S 0203"]
[Site "France"]
[Date "2003.??.??"]
[Round "10.1"]
[White "Silva Lillo, Sebastian"]
[Black "Poulton, James"]
[Result "1/2-1/2"]
[WhiteElo "2348"]
[BlackElo "2397"]
[PlyCount "46"]
[EventDate "2002.10.??"]
[EventType "team-tourn"]
[EventRounds "11"]
[EventCountry "FRA"]
[SourceTitle "EXT 2004"]
[Source "ChessBase"]
[SourceDate "2003.11.25"]
[SourceVersion "1"]
[SourceVersionDate "2003.11.25"]
[SourceQuality "1"]
[WhiteTeam "Clichy II"]
[BlackTeam "Lille"]
[WhiteTeamCountry "FRA"]
[BlackTeamCountry "FRA"]

1. d4 Nf6 2. Nf3 c5 3. d5 g6 4. Nc3 d6 5. h3 Bg7 6. e4 0-0 7. Bc4 b5 8. Nxb5 Nxe4 9. 0-0 a6 10. Na3 Bb7 11. Bb3 Nf6 12. Re1 Nbd7 13. c4 Nb6 14. Bg5 Qd7 15. Nb1 e6 16. dxe6 fxe6 17. Nc3 Nh5 18. Nd2 Rf5 19. Be3 Nf4 20. f3 Nd3 21. Re2 Nf4 22. Re1 Nd3 23. Re2 Nf4 1/2-1/2

[Event "FRA-chT2S 0203"]
[Site "France"]
[Date "2002.12.08"]
[Round "4.1"]
[White "Poulton, James"]
[Black "Calistri, Tristan"]
[Result "1-0"]
[WhiteElo "2397"]
[BlackElo "2279"]
[PlyCount "75"]
[EventDate "2002.10.??"]
[EventType "team-tourn"]
[EventRounds "11"]
[EventCountry "FRA"]
[SourceTitle "EXT 2004"]
[Source "ChessBase"]
[SourceDate "2003.11.25"]
[SourceVersion "1"]
[SourceVersionDate "2003.11.25"]
[SourceQuality "1"]
[WhiteTeam "Lille"]
[BlackTeam "Creteil"]
[WhiteTeamCountry "FRA"]
[BlackTeamCountry "FRA"]

1. d4 Nf6 2. c4 g6 3. f3 Bg7 4. e4 0-0 5. Ne2 d6 6. Be3 a6 7. Nec3 e5 8. dxe5 dxe5 9. Qxd8 Rxd8 10. Nd5 Rd7 11. Nbc3 Nc6 12. 0-0-0 Nd4 13. f4 Ne6 14. f5 Nd4 15. Nxf6+ Bxf6 16. g4 Bd8 17. h4 b6 18. Bf2 Bb7 19. Bg3 f6 20. fxg6 hxg6 21. g5 Rh7 22. gxf6 Bxf6 23. Bd3 Kg7 24. Nd5 Bxd5 25. exd5 e4 26. Bf1 Kh8 27. Rh2 Nf5 28. Bf4 Bxh4 29. Bh3 Rf8 30. Bxf5 Rxf5 31. Bxc7 Rxc7 32. Rxh4+ Kg7 33. Rxe4 b5 34. d6 Rd7 35. Kc2 Rf2+ 36. Kc3 b4+ 37. Kxb4 Rxb2+ 38. Kc5 1-0

[Event "BCF-chT2 0203 (4NCL)"]
[Site "West Bromwich"]
[Date "2002.11.24"]
[Round "2.2"]
[White "Poulton, James"]
[Black "Berry, Stephen"]
[Result "1-0"]
[WhiteElo "2397"]
[BlackElo "2335"]
[PlyCount "39"]
[EventDate "2002.11.??"]
[EventType "team-tourn"]
[EventRounds "11"]
[EventCountry "ENG"]
[SourceTitle "EXT 2004"]
[Source "ChessBase"]
[SourceDate "2003.11.25"]
[SourceVersion "1"]
[SourceVersionDate "2003.11.25"]
[SourceQuality "1"]
[WhiteTeam "Wessex"]
[BlackTeam "Kings Head"]
[WhiteTeamCountry "ENG"]
[BlackTeamCountry "ENG"]

1. d4 Nf6 2. c4 e6 3. Nc3 Bb4 4. e3 0-0 5. Nge2 d5 6. a3 Be7 7. cxd5 Nxd5 8. g3 b6 9. Bg2 Bb7 10. Nxd5 Bxd5 11. e4 Bb7 12. 0-0 Nd7 13. Qa4 c5 14. Rd1 Qc8 15. d5 exd5 16. exd5 Bf6 17. Bh3 Rd8 18. Nc3 a6 19. Ne4 b5 20. Nxf6+ 1-0

[Event "Avoine op 17th"]
[Site "Avoine"]
[Date "2002.07.21"]
[Round "2"]
[White "Vingerhoets, Luc"]
[Black "Poulton, James"]
[Result "1/2-1/2"]
[WhiteElo "2215"]
[BlackElo "2397"]
[PlyCount "29"]
[EventDate "2002.07.20"]
[EventType "swiss"]
[EventRounds "9"]
[EventCountry "FRA"]
[SourceTitle "CBM 089 Extra"]
[Source "ChessBase"]
[SourceDate "2002.09.10"]
[SourceVersion "2"]
[SourceVersionDate "2002.09.10"]
[SourceQuality "1"]

1. e4 c5 2. Nc3 Nc6 3. g3 g6 4. Bg2 Bg7 5. d3 e5 6. Nh3 d6 7. 0-0 h5 8. f4 Nh6 9. Nf2 Ne7 10. Be3 Ng4 11. Nxg4 Bxg4 12. Qd2 Qd7 13. fxe5 Bxe5 14. d4 cxd4 15. Bxd4 1/2-1/2

[Event "BCF-chT 0102 (4NCL)"]
[Site "Birmingham"]
[Date "2002.03.23"]
[Round "7.3"]
[White "Knott, Simon JB"]
[Black "Poulton, James"]
[Result "1-0"]
[WhiteElo "2383"]
[BlackElo "2409"]
[PlyCount "75"]
[EventDate "2001.09.22"]
[EventType "team-tourn"]
[EventRounds "11"]
[EventCountry "ENG"]
[SourceTitle "CBM 084 Extra"]
[Source "ChessBase"]
[SourceDate "2001.10.26"]
[SourceVersion "1"]
[SourceVersionDate "2001.10.26"]
[SourceQuality "1"]
[WhiteTeam "Barbican"]
[BlackTeam "Wessex"]
[WhiteTeamCountry "ENG"]
[BlackTeamCountry "ENG"]

1. Nf3 d5 2. d4 e6 3. c4 c5 4. cxd5 exd5 5. g3 Nc6 6. Bg2 Nf6 7. 0-0 Be7 8. Nc3 0-0 9. Bg5 cxd4 10. Nxd4 h6 11. Be3 Re8 12. Rc1 Bf8 13. Qa4 Na5 14. Qb5 a6 15. Qd3 b5 16. b3 Be6 17. Rfd1 Rc8 18. Nc2 Re7 19. Bd4 Rd7 20. Ne3 Ng4 21. Nexd5 Nc6 22. Bb6 Qg5 23. h4 Qe5 24. e4 Ba3 25. Rb1 f5 26. Qe2 b4 27. f4 Qb8 28. Na4 fxe4 29. Bxe4 h5 30. Bh7+ Kxh7 31. Qxe6 Rd6 32. Qf5+ Kh6 33. Qg5+ Kh7 34. Qxh5+ Nh6 35. Bf2 Re8 36. Ne3 Rg6 37. Rd7 Qxf4 38. Qxg6+ 1-0

[Event "BCF-chT 0102 (4NCL)"]
[Site "Birmingham"]
[Date "2001.09.22"]
[Round "1.3"]
[White "Pein, Malcolm"]
[Black "Poulton, James"]
[Result "1-0"]
[WhiteElo "2424"]
[BlackElo "2414"]
[PlyCount "121"]
[EventDate "2001.09.22"]
[EventType "team-tourn"]
[EventRounds "11"]
[EventCountry "ENG"]
[SourceTitle "CBM 084 Extra"]
[Source "ChessBase"]
[SourceDate "2001.10.26"]
[SourceVersion "1"]
[SourceVersionDate "2001.10.26"]
[SourceQuality "1"]
[WhiteTeam "Wood Green II"]
[BlackTeam "Wessex"]
[WhiteTeamCountry "ENG"]
[BlackTeamCountry "ENG"]

1. Nf3 Nf6 2. c4 g6 3. Nc3 c5 4. g3 Bg7 5. Bg2 0-0 6. 0-0 Nc6 7. d4 cxd4 8. Nxd4 Nxd4 9. Qxd4 d6 10. Qd3 a6 11. Rd1 Qc7 12. Bg5 Be6 13. b3 Rab8 14. Rac1 Rfc8 15. c5 Qa5 16. Bd2 dxc5 17. Nd5 Qd8 18. Bf4 Bxd5 19. Bxb8 Rxb8 20. Bxd5 Qa5 21. Qc4 Nxd5 22. Rxd5 b6 23. a4 Bf6 24. Rd7 Qb4 25. Rcd1 Qxc4 26. Rd8+ Kg7 27. bxc4 Rb7 28. R8d7 Rxd7 29. Rxd7 h5 30. Rb7 a5 31. Kg2 e6 32. Kf3 Bc3 33. Rxb6 Kf6 34. Rb7 Be1 35. Rc7 Bb4 36. Ke4 Ba3 37. Kd3 Bb4 38. f3 Ba3 39. Ra7 Bb4 40. Rb7 Kg7 41. Rc7 Kf6 42. Ke4 Ba3 43. h4 Bb4 44. g4 Kg7 45. Ke5 Bc3+ 46. Ke4 Bb4 47. gxh5 gxh5 48. Ke5 Be1 49. Rxc5 Bxh4 50. Rxa5 Bg3+ 51. Ke4 f5+ 52. Ke3 h4 53. Rb5 h3 54. Rb1 h2 55. Rh1 Kf6 56. a5 Kg5 57. a6 Bb8 58. Kd4 Kh4 59. Rxh2+ Bxh2 60. a7 Bg1+ 61. e3 1-0

[Event "BCF-chT2 0001 (4NCL)"]
[Site "Birmingham"]
[Date "2001.05.05"]
[Round "9.1"]
[White "Lalic, Susan"]
[Black "Poulton, James"]
[Result "0-1"]
[WhiteElo "2328"]
[BlackElo "2391"]
[PlyCount "80"]
[EventDate "2000.11.26"]
[EventType "team-tourn"]
[EventRounds "11"]
[EventCountry "ENG"]
[SourceTitle "CBM 079 Extra"]
[Source "ChessBase"]
[SourceDate "2001.01.11"]
[SourceVersion "2"]
[SourceVersionDate "2001.01.25"]
[SourceQuality "1"]
[WhiteTeam "Slough II"]
[BlackTeam "Wessex"]
[WhiteTeamCountry "ENG"]
[BlackTeamCountry "ENG"]

1. e4 e6 2. d4 d5 3. Nc3 Bb4 4. exd5 exd5 5. Bd3 Qf6 6. a3 Bxc3+ 7. bxc3 Ne7 8. Qf3 Qxf3 9. Nxf3 Bg4 10. Ne5 Bf5 11. 0-0 f6 12. Bxf5 Nxf5 13. Nd3 Kf7 14. Bf4 c6 15. a4 Nd7 16. a5 h5 17. h3 h4 18. Nc5 Nxc5 19. dxc5 Rhe8 20. Rfb1 Re7 21. a6 bxa6 22. Rxa6 Rc8 23. Rb8 Rxb8 24. Bxb8 Re1+ 25. Kh2 Re2 26. Rxc6 Rxc2 27. Rc7+ Ke8 28. Rc8+ Kd7 29. Rc7+ Ke8 30. Rc8+ Kd7 31. Rc7+ Kd8 32. Rxa7 Rxc3 33. Bc7+ Ke8 34. Bb6 d4 35. Ra4 d3 36. Ra2 Kd7 37. Rd2 Kc6 38. Kg1 Kd5 39. Kf1 Nd4 40. Rd1 d2 0-1

[Event "BCF-chT2 0001 (4NCL)"]
[Site "Birmingham"]
[Date "2001.03.17"]
[Round "7.1"]
[White "Poulton, James"]
[Black "Collier, David"]
[Result "1/2-1/2"]
[WhiteElo "2368"]
[BlackElo "2239"]
[PlyCount "146"]
[EventDate "2000.11.26"]
[EventType "team-tourn"]
[EventRounds "11"]
[EventCountry "ENG"]
[SourceTitle "CBM 079 Extra"]
[Source "ChessBase"]
[SourceDate "2001.01.11"]
[SourceVersion "2"]
[SourceVersionDate "2001.01.25"]
[SourceQuality "1"]
[WhiteTeam "Wessex"]
[BlackTeam "Bristol II"]
[WhiteTeamCountry "ENG"]
[BlackTeamCountry "ENG"]

1. c4 Nf6 2. d4 e6 3. Nf3 Bb4+ 4. Nbd2 0-0 5. a3 Bxd2+ 6. Qxd2 d6 7. g3 b6 8. Bg2 Bb7 9. 0-0 Nbd7 10. Rd1 a5 11. b3 Qe7 12. Bb2 Rfd8 13. Qe3 Re8 14. Rac1 Ng4 15. Qf4 Ngf6 16. a4 e5 17. dxe5 dxe5 18. Nxe5 Bxg2 19. Nxd7 Nxd7 20. Kxg2 Nc5 21. Ba3 g5 22. Qf3 Qxe2 23. Qxe2 Rxe2 24. Bxc5 bxc5 25. Rd5 h6 26. Rxc5 Re7 27. Rc3 Ra6 28. Rf3 Kg7 29. Rff5 c6 30. Rxa5 Rxa5 31. Rxa5 Rb7 32. Ra6 Rxb3 33. Rxc6 Ra3 34. Ra6 Rc3 35. Rc6 Ra3 36. Ra6 Rc3 37. a5 Rxc4 38. Rb6 Ra4 39. a6 g4 40. h3 h5 41. h4 Ra1 42. Rc6 Kh7 43. Rc7 Rxa6 44. Rxf7+ Kg6 45. Rf8 Ra2 46. Rd8 Rb2 47. Rd6+ Kg7 48. Kf1 Ra2 49. Ke1 Rb2 50. Rd2 Rb6 51. Ke2 Re6+ 52. Kd3 Rd6+ 53. Ke3 Re6+ 54. Kf4 Kg6 55. Rd4 Rf6+ 56. Ke3 Rf3+ 57. Ke2 Rf6 58. Re4 Ra6 59. Rd4 Rf6 60. Rf4 Ra6 61. Rd4 Rf6 62. Rd5 Re6+ 63. Kd3 Rf6 64. Rg5+ Kh6 65. Ke3 Rf3+ 66. Ke2 Rf6 67. Re5 Kg6 68. Re3 Ra6 69. f4 gxf3+ 70. Kxf3 Rf6+ 71. Ke4 Rf8 72. Ra3 Re8+ 73. Kd5 Kf5 1/2-1/2

[Event "Avoine op 15th"]
[Site "Avoine"]
[Date "2000.07.25"]
[Round "4"]
[White "Poulton, James"]
[Black "Le Borgne, Pierre"]
[Result "1-0"]
[WhiteElo "2368"]
[BlackElo "2165"]
[PlyCount "75"]
[EventDate "2000.07.03"]
[EventType "swiss"]
[EventRounds "9"]
[EventCountry "FRA"]
[SourceTitle "EXT 2001"]
[Source "ChessBase"]
[SourceDate "2000.11.22"]
[SourceVersion "1"]
[SourceVersionDate "2000.11.22"]
[SourceQuality "1"]

1. Nf3 d6 2. d4 Bg4 3. Nbd2 c6 4. h3 Bxf3 5. Nxf3 Nf6 6. c3 e6 7. Bf4 Be7 8. e3 Nbd7 9. Bd3 b5 10. Bh2 0-0 11. 0-0 Qb6 12. Qe2 a6 13. e4 c5 14. e5 dxe5 15. dxe5 Nd5 16. Rfd1 c4 17. Be4 Nc5 18. Bxd5 exd5 19. Rxd5 Nd3 20. Bg3 Qe6 21. Rd4 Bc5 22. Re4 Rad8 23. Rb1 Rfe8 24. Kf1 h6 25. Nd2 Rd5 26. b3 Qf5 27. bxc4 bxc4 28. Nf3 Bd6 29. Rd1 Rc5 30. e6 Be7 31. exf7+ Qxf7 32. Bd6 Bxd6 33. Rxe8+ Bf8 34. Qe6 Ra5 35. Rd2 Ra3 36. Rc2 Nc5 37. Rxf8+ Kxf8 38. Qc8+ 1-0

[Event "Avoine op 15th"]
[Site "Avoine"]
[Date "2000.07.24"]
[Round "3"]
[White "Moriuchi, Toshiyuki"]
[Black "Poulton, James"]
[Result "0-1"]
[WhiteElo "2247"]
[BlackElo "2368"]
[PlyCount "58"]
[EventDate "2000.07.03"]
[EventType "swiss"]
[EventRounds "9"]
[EventCountry "FRA"]
[SourceTitle "EXT 2001"]
[Source "ChessBase"]
[SourceDate "2000.11.22"]
[SourceVersion "1"]
[SourceVersionDate "2000.11.22"]
[SourceQuality "1"]

1. e4 c5 2. Nc3 Nc6 3. g3 g6 4. Bg2 Bg7 5. d3 d6 6. f4 e5 7. Nh3 Nge7 8. 0-0 h5 9. fxe5 dxe5 10. Nd5 Bg4 11. Qd2 Nxd5 12. exd5 Nd4 13. Ng5 f6 14. Ne4 h4 15. gxh4 Ne2+ 16. Kh1 Rxh4 17. Qe1 Rh5 18. Ng3 Nxg3+ 19. Qxg3 Qd7 20. Be3 0-0-0 21. Bxc5 f5 22. d4 Rdh8 23. dxe5 Rxh2+ 24. Kg1 Rxg2+ 25. Qxg2 Bxe5 26. Rfe1 Bh2+ 27. Kf2 Qc7 28. Be3 Bg3+ 29. Kg1 Rh2 0-1

[Event "Avoine op 15th"]
[Site "Avoine"]
[Date "2000.??.??"]
[Round "9"]
[White "Poulton, James"]
[Black "Beeckmans, Felix"]
[Result "1-0"]
[WhiteElo "2368"]
[BlackElo "2293"]
[PlyCount "121"]
[EventDate "2000.07.03"]
[EventType "swiss"]
[EventRounds "9"]
[EventCountry "FRA"]
[SourceTitle "EXT 2001"]
[Source "ChessBase"]
[SourceDate "2000.11.22"]
[SourceVersion "1"]
[SourceVersionDate "2000.11.22"]
[SourceQuality "1"]

1. d4 c5 2. d5 e5 3. e4 d6 4. h3 Ne7 5. Nf3 Nd7 6. a4 Ng6 7. a5 Be7 8. Nc3 Nf6 9. Bb5+ Bd7 10. Bxd7+ Qxd7 11. Nd2 h5 12. Nc4 h4 13. Qf3 Nh7 14. Ra3 Ng5 15. Bxg5 Bxg5 16. Qf5 Be7 17. a6 b6 18. Qxd7+ Kxd7 19. g3 Bd8 20. Nb5 Bc7 21. Kf1 Rh7 22. Kg2 Nh8 23. Ne3 hxg3 24. fxg3 f6 25. h4 Nf7 26. Nf5 Nh8 27. Raa1 Nf7 28. c3 Nh8 29. Ra2 Nf7 30. Raa1 Nh8 31. b3 Nf7 32. Ra2 Nh8 33. Raa1 Nf7 34. b4 Nh8 35. Ra2 Nf7 36. Ra3 Nh8 37. Raa1 Nf7 38. Kf3 Nh8 39. Kf2 Nf7 40. Ke2 Nh8 41. Kd2 Nf7 42. Kd3 Nh8 43. Kc2 Nf7 44. Kd3 Nh8 45. Kc2 Nf7 46. Rhf1 Nh8 47. Kb3 Nf7 48. Kc4 Nh8 49. Kd3 Nf7 50. Ke2 Nh8 51. Rh1 Nf7 52. g4 Nh8 53. g5 Ng6 54. gxf6 gxf6 55. Kf3 Nf4 56. Ke3 Nh5 57. Rhg1 Rf7 58. Rg4 Rh7 59. Rg6 Rhh8 60. Rag1 Rh7 61. Rg8 1-0

[Event "BCF-chT 9899 (4NCL)"]
[Site "England"]
[Date "1998.11.22"]
[Round "4.7"]
[White "Poulton, James"]
[Black "Collinson, Adam"]
[Result "1/2-1/2"]
[WhiteElo "2370"]
[BlackElo "2405"]
[PlyCount "38"]
[EventDate "1998.10.??"]
[EventType "team-tourn"]
[EventRounds "11"]
[EventCountry "ENG"]
[SourceTitle "EXT 2000"]
[Source "ChessBase"]
[SourceDate "1999.11.16"]
[SourceVersion "1"]
[SourceVersionDate "1999.11.16"]
[SourceQuality "1"]
[WhiteTeam "Wood Green"]
[BlackTeam "BIG"]
[WhiteTeamCountry "ENG"]
[BlackTeamCountry "ENG"]

1. d4 Nf6 2. Nf3 g6 3. c4 Bg7 4. Nc3 0-0 5. Bg5 c5 6. d5 d6 7. e4 e6 8. Be2 exd5 9. exd5 h6 10. Bd2 Bg4 11. 0-0 Nbd7 12. h3 Bxf3 13. Bxf3 Re8 14. Qc1 Kh7 15. Qc2 a6 16. a4 Qc7 17. Ra3 Re7 18. Re1 Rxe1+ 19. Bxe1 Re8 1/2-1/2

[Event "FRA-chT"]
[Site "France"]
[Date "1998.04.05"]
[Round "7"]
[White "Marchand, Francois"]
[Black "Poulton, James"]
[Result "1/2-1/2"]
[WhiteElo "2305"]
[BlackElo "2365"]
[PlyCount "81"]
[EventDate "1998.02.06"]
[EventType "team-tourn"]
[EventRounds "11"]
[EventCountry "FRA"]
[SourceTitle "CBM 064 Extra"]
[Source "ChessBase"]
[SourceDate "1998.07.07"]
[SourceVersion "1"]
[SourceVersionDate "1998.07.07"]
[SourceQuality "1"]

1. d4 Nf6 2. c4 c5 3. d5 b5 4. cxb5 a6 5. bxa6 g6 6. Nc3 Bxa6 7. e4 Bxf1 8. Kxf1 d6 9. Nf3 Nbd7 10. h3 Bg7 11. Kg1 0-0 12. Kh2 Qb6 13. Re1 Ne8 14. Re2 Nc7 15. Bg5 Rfe8 16. Rc1 Nb5 17. Nxb5 Qxb5 18. b3 Ra7 19. Rcc2 Nb8 20. Bf4 Na6 21. e5 Nb4 22. Rcd2 Rd8 23. a4 Qa6 24. exd6 exd6 25. Qe1 Raa8 26. Bg5 Rf8 27. Re7 h6 28. Bf4 Nd3 29. Qe4 Nxf4 30. Qxf4 Rab8 31. Rd7 Rb6 32. Rd1 Qc8 33. Ra7 Qb8 34. Rd7 Rxb3 35. Re1 Rb4 36. Qxd6 Qxd6+ 37. Rxd6 Rxa4 38. Rc6 c4 39. d6 Rd8 40. Rd1 c3 41. Kg1 1/2-1/2